2025-2026 NFL Placekickers - Statistics

General Stats
  • This quiz has been taken 33 times
  • The average score is 21 of 32
Answer Stats
Team Name % Correct
Dallas Cowboys Brandon Aubrey
90%
Buffalo Bills Matt Prater
83%
Los Angeles Chargers Cameron Dicker
79%
Pittsburgh Steelers Chris Boswell
79%
Philadelphia Eagles Jake Elliott
79%
Cincinnati Bengals Evan McPherson
76%
Kansas City Chiefs Harrison Butker
76%
Seattle Seahawks Jason Myers
76%
New York Giants Younghoe Koo
76%
Jacksonville Jaguars Cam Little
72%
Baltimore Ravens Tyler Loop
72%
New England Patriots Andres Borregales
69%
Chicago Bears Cairo Santos
69%
Las Vegas Raiders Daniel Carlson
69%
Detroit Lions Jake Bates
69%
Houston Texans Ka’imi Fairbairn
69%
Green Bay Packers Brandon McManus
66%
Denver Broncos Wil Lutz
66%
Tampa Bay Buccaneers Chase McLaughlin
62%
Tennessee Titans Joey Slye
62%
Minnesota Vikings Will Reichard
62%
New York Jets Nick Folk
59%
Carolina Panthers Ryan Fitzgerald
59%
Washington Commanders Jake Moody
55%
Indianapolis Colts Blake Grupe
52%
Los Angeles Rams Harrison Mevis
52%
Arizona Cardinals Chad Ryland
48%
Cleveland Browns Andre Szmyt
45%
San Francisco 49ers Eddy Pineiro
45%
Miami Dolphins Riley Patterson
45%
Atlanta Falcons Zane Gonzalez
41%
New Orleans Saints Charlie Smyth
34%
No matching quizzes found
Score Distribution
Percent of People with Each Score
Percentile by Number Answered
Your Score History
You have not taken this quiz